[Event "Gibtelecom ChallWk1 6th"]
[Site "Gibraltar"]
[Date "2008.01.22"]
[Round "1.1"]
[White "Vinas Guerrero, Carlos A"]
[Black "Rosberg, Simon"]
[Result "1/2-1/2"]
[WhiteElo "2129"]
[BlackElo "2246"]
[PlyCount "143"]
[EventDate "2008.01.22"]
[EventType "swiss"]
[EventRounds "5"]
[EventCountry "GGB"]
[SourceTitle "BritBase"]
[Source "www.saund.co.uk"]
[SourceDate "2018.02.10"]
[SourceVersion "1"]
[SourceVersionDate "2018.02.10"]
[SourceQuality "1"]

1. e4 c5 2. c3 Nf6 3. e5 Nd5 4. d4 cxd4 5. Nf3 d6 6. cxd4 e6 7. Bc4 Nb6 8. Bb3
Bd7 9. O-O Be7 10. exd6 Bxd6 11. d5 exd5 12. Bxd5 Bc6 13. Qe2+ Qe7 14. Qxe7+
Bxe7 15. Bxc6+ Nxc6 16. Nc3 O-O 17. Bg5 Bb4 18. Rac1 Rfe8 19. Rfe1 f6 20. Rxe8+
Rxe8 21. Be3 Bxc3 22. Rxc3 Nd5 23. Rb3 Re7 24. Bd2 Kf7 25. Kf1 Ne5 26. Nxe5+
fxe5 27. Ke2 Ke6 28. g3 g6 29. Rb5 Rc7 30. f3 a6 31. Rb3 b5 32. a3 Rc4 33. Rd3
Rc2 34. Rb3 Nb6 35. Kd3 Rc6 36. Rc3 Nc4 37. Rc2 Rd6+ 38. Ke2 Kd5 39. Bb4 Rc6
40. b3 Nb6 41. Rxc6 Kxc6 42. Kd3 Kd5 43. Ba5 Nd7 44. Bb4 Nb8 45. Bd2 Nc6 46.
Bc3 Nd8 47. Bd2 Ne6 48. Be3 h5 49. Bf2 Ng5 50. Ke2 e4 51. f4 Nf7 52. h3 Nd6 53.
g4 hxg4 54. hxg4 a5 55. Be1 a4 56. bxa4 bxa4 57. Bb4 Nb5 58. Be7 Ke6 59. Bb4
Nd4+ 60. Kd2 Kd5 61. Be7 Nc6 62. Bf8 Na5 63. Bb4 Nc4+ 64. Ke2 Kd4 65. Be7 e3
66. f5 gxf5 67. gxf5 Ke4 68. f6 Ne5 69. Bc5 Kf5 70. Bxe3 Kxf6 71. Bd4 Ke6 72.
Bxe5 1/2-1/2

[Event "Gibtelecom ChallWk1 6th"]
[Site "Gibraltar"]
[Date "2008.01.22"]
[Round "1.2"]
[White "Urbina Perez, Juan Antonio"]
[Black "Arnott, Jonathan W"]
[Result "1/2-1/2"]
[WhiteElo "2241"]
[BlackElo "2117"]
[PlyCount "79"]
[EventDate "2008.01.22"]
[EventType "swiss"]
[EventRounds "5"]
[EventCountry "GGB"]
[SourceTitle "BritBase"]
[Source "www.saund.co.uk"]
[SourceDate "2018.02.10"]
[SourceVersion "1"]
[SourceVersionDate "2018.02.10"]
[SourceQuality "1"]

1. e4 e6 2. d4 d5 3. Nd2 c5 4. exd5 Qxd5 5. Ngf3 cxd4 6. Bc4 Qd6 7. O-O Nf6 8.
Nb3 Nc6 9. Nbxd4 Nxd4 10. Nxd4 Bd7 11. c3 Qc7 12. Qe2 Rc8 13. Bb3 Bd6 14. h3
O-O 15. Bg5 Qc5 16. Bxf6 gxf6 17. Qf3 Qe5 18. Qg4+ Qg5 19. Qxg5+ fxg5 20. Rfd1
Bc5 21. Nf3 Bc6 22. Nxg5 h6 23. Nf3 Bxf3 24. gxf3 Rfd8 25. Kg2 Kf8 26. f4 Ke7
27. Kf3 Bb6 28. Bc2 f5 29. Bb3 Rxd1 30. Rxd1 Rd8 31. Re1 Rd3+ 32. Kg2 Rd6 33.
Bc4 Kf6 34. Kf3 Rc6 35. Bb3 Rd6 36. Ke2 Bc7 37. Rg1 Rd8 38. Ke3 Bb6+ 39. Ke2
Bc7 40. Ke3 1/2-1/2

[Event "Gibtelecom ChallWk1 6th"]
[Site "Gibraltar"]
[Date "2008.01.22"]
[Round "1.3"]
[White "Hansen, Pal Andreas"]
[Black "Bigg, Andrew J"]
[Result "0-1"]
[WhiteElo "2108"]
[BlackElo "2231"]
[PlyCount "32"]
[EventDate "2008.01.22"]
[EventType "swiss"]
[EventRounds "5"]
[EventCountry "GGB"]
[SourceTitle "BritBase"]
[Source "www.saund.co.uk"]
[SourceDate "2018.02.10"]
[SourceVersion "1"]
[SourceVersionDate "2018.02.10"]
[SourceQuality "1"]

1. e4 e6 2. d4 d5 3. Nc3 Bb4 4. e5 Ne7 5. Qg4 c5 6. a3 Bxc3+ 7. bxc3 O-O 8. Bg5
Qa5 9. Bxe7 Qxc3+ 10. Ke2 Nc6 11. Bf6 Nxd4+ 12. Kd1 Qxc2+ 13. Ke1 Qc3+ 14. Kd1
Qxa1+ 15. Kd2 Qb2+ 16. Ke3 Qc1+ 0-1

[Event "Gibtelecom ChallWk1 6th"]
[Site "Gibraltar"]
[Date "2008.01.22"]
[Round "1.4"]
[White "Lyell, Mark"]
[Black "Tofte, Sondre Waage"]
[Result "1-0"]
[WhiteElo "2221"]
[BlackElo "2108"]
[PlyCount "156"]
[EventDate "2008.01.22"]
[EventType "swiss"]
[EventRounds "5"]
[EventCountry "GGB"]
[SourceTitle "BritBase"]
[Source "www.saund.co.uk"]
[SourceDate "2018.02.10"]
[SourceVersion "1"]
[SourceVersionDate "2018.02.10"]
[SourceQuality "1"]

1. e4 e5 2. Nf3 Nc6 3. d4 exd4 4. Nxd4 Bc5 5. Be3 Qf6 6. c3 Nge7 7. Bc4 Ne5 8.
Be2 d5 9. O-O O-O 10. Nd2 Bb6 11. Nc2 dxe4 12. Nxe4 Qg6 13. Ng3 Nf5 14. Bxb6
Qxb6 15. Nxf5 Bxf5 16. Nd4 Be4 17. Qb3 Qxb3 18. axb3 Rfd8 19. Rfe1 Nd3 20. Bxd3
Bxd3 21. Re7 c5 22. Nf3 Ba6 23. Rae1 b6 24. h4 Bb5 25. c4 Be8 26. Rc7 Kf8 27.
Ree7 Rd3 28. Ng5 Rxb3 29. Nxh7+ Kg8 30. Ng5 Rxb2 31. Nxf7 Bxf7 32. Rxf7 Rd8 33.
Rxg7+ Kh8 34. Rh7+ Kg8 35. Rcg7+ Kf8 36. Rxa7 Kg8 37. h5 Rd1+ 38. Kh2 Rd6 39.
f3 Re2 40. Rhb7 Re8 41. Rg7+ Kh8 42. Rh7+ Kg8 43. Rag7+ Kf8 44. Rh8+ Kxg7 45.
Rxe8 Rd4 46. Re6 Rxc4 47. h6+ Kh7 48. Rxb6 Rc1 49. Kg3 c4 50. Rc6 c3 51. Kf2 c2
52. Kg3 Kh8 53. Rc7 Kg8 54. f4 Kh8 55. h7 Rd1 56. Rxc2 Kxh7 57. Kg4 Rd5 58. Rc4
Kg6 59. Rc6+ Kg7 60. Re6 Ra5 61. Re5 Ra6 62. Kf5 Rf6+ 63. Ke4 Ra6 64. g4 Kg6
65. Rd5 Re6+ 66. Re5 Ra6 67. Rc5 Re6+ 68. Kd5 Re7 69. Rc6+ Kg7 70. f5 Ra7 71.
g5 Rb7 72. Ke6 Ra7 73. Rd6 Ra8 74. Rd7+ Kf8 75. f6 Ra6+ 76. Kf5 Ra8 77. Rb7 Kg8
78. g6 Ra5+ 1-0

[Event "Gibtelecom ChallWk1 6th"]
[Site "Gibraltar"]
[Date "2008.01.22"]
[Round "1.6"]
[White "Smith, Andrew Philip"]
[Black "Horton-Kitchlew, Andrew"]
[Result "0-1"]
[WhiteElo "2208"]
[BlackElo "2091"]
[PlyCount "98"]
[EventDate "2008.01.22"]
[EventType "swiss"]
[EventRounds "5"]
[EventCountry "GGB"]
[SourceTitle "BritBase"]
[Source "www.saund.co.uk"]
[SourceDate "2018.02.10"]
[SourceVersion "1"]
[SourceVersionDate "2018.02.10"]
[SourceQuality "1"]

1. e4 d6 2. d4 Nf6 3. Nc3 c6 4. Nf3 Bg4 5. Be2 g6 6. O-O Bg7 7. Be3 O-O 8. a4
Nbd7 9. h3 Bxf3 10. Bxf3 Qc7 11. Qd2 Rfe8 12. Rfd1 a5 13. Be2 Red8 14. Bc4 d5
15. exd5 Nb6 16. Bf4 Qc8 17. Bb3 Nbxd5 18. Be5 Nxc3 19. Qxc3 Nd5 20. Qf3 e6 21.
Re1 Qd7 22. Rad1 b5 23. Bxg7 Kxg7 24. axb5 cxb5 25. Re5 Qd6 26. Rde1 Ra7 27. g4
a4 28. Bxd5 exd5 29. h4 Qf6 30. Qg3 b4 31. h5 a3 32. h6+ Kf8 33. bxa3 bxa3 34.
Qc3 Qb6 35. Qe3 Raa8 36. Rxd5 Re8 37. Re5 Red8 38. Re7 Qf6 39. g5 Qf5 40. Re4
a2 41. Ra1 Rdb8 42. Kg2 f6 43. f4 Rb1 44. Re7 Qg4+ 45. Kh2 Qh4+ 46. Kg2 Qh1+
47. Kg3 Rxa1 48. Rxh7 Rg1+ 49. Kf2 Qg2# 0-1

[Event "Gibtelecom ChallWk1 6th"]
[Site "Gibraltar"]
[Date "2008.01.22"]
[Round "1.7"]
[White "Wheldon, Philip"]
[Black "Bates, Caspar J"]
[Result "0-1"]
[WhiteElo "2096"]
[BlackElo "2190"]
[PlyCount "73"]
[EventDate "2008.01.22"]
[EventType "swiss"]
[EventRounds "5"]
[EventCountry "GGB"]
[SourceTitle "BritBase"]
[Source "www.saund.co.uk"]
[SourceDate "2018.02.10"]
[SourceVersion "1"]
[SourceVersionDate "2018.02.10"]
[SourceQuality "1"]

1. e4 e5 2. f4 exf4 3. Nf3 d6 4. Bc4 h6 5. h4 Nf6 6. Nc3 c6 7. d4 d5 8. exd5
cxd5 9. Bb5+ Nc6 10. Qe2+ Be7 11. Ne5 Bd7 12. Nxd7 Qxd7 13. Bxf4 O-O 14. O-O-O
Bb4 15. Be5 Ng4 16. Qf3 Bxc3 17. bxc3 Rfe8 18. Bf4 h5 19. Rhe1 a6 20. Bd3 Na5
21. Bg3 g6 22. Rxe8+ Rxe8 23. Re1 Rc8 24. Qe2 Qc6 25. Qd2 Nc4 26. Bxc4 Qxc4 27.
Re7 Qxa2 28. Rxb7 Qa3+ 29. Kb1 Qxc3 30. Qxc3 Rxc3 31. Bf4 Rc4 32. c3 Rxc3 33.
Rd7 Rb3+ 34. Kc2 Rb5 35. Ra7 a5 36. Bc7 Kg7 37. g3 {...41 moves} 0-1

[Event "Gibtelecom ChallWk1 6th"]
[Site "Gibraltar"]
[Date "2008.01.22"]
[Round "1.9"]
[White "Dasaolu, Adeoye"]
[Black "Erdelyi, Tamas"]
[Result "0-1"]
[WhiteElo "2064"]
[BlackElo "2186"]
[PlyCount "120"]
[EventDate "2008.01.22"]
[EventType "swiss"]
[EventRounds "5"]
[EventCountry "GGB"]
[SourceTitle "BritBase"]
[Source "www.saund.co.uk"]
[SourceDate "2018.02.10"]
[SourceVersion "1"]
[SourceVersionDate "2018.02.10"]
[SourceQuality "1"]

1. Nf3 c5 2. c4 b6 3. g3 Bb7 4. Bg2 Nf6 5. Nc3 g6 6. O-O Bg7 7. e3 Ne4 8. Qc2
Nxc3 9. dxc3 d6 10. e4 Nd7 11. Re1 Qc7 12. Bf4 Rb8 13. Rad1 O-O 14. h3 a6 15.
Qd2 Rfe8 16. Bh6 Bh8 17. Qf4 b5 18. Bf1 Bc6 19. Ng5 Bf6 20. g4 Ne5 21. cxb5
Bxb5 22. b3 Bxf1 23. Kxf1 c4 24. bxc4 Qxc4+ 25. Kg2 Nd3 26. Rxd3 Qxd3 27. Nxf7
Kxf7 28. g5 Qxc3 29. gxf6 Qxf6 30. Qg3 Kg8 31. Re3 Rb1 32. Qg4 e6 33. e5 dxe5
34. Rf3 Qe7 35. Qe4 Rb5 36. a4 Qb7 37. Qc4 Rd5 38. Kh2 Rdd8 39. Rf6 Qe7 40. Bg5
Qd6 41. Qe4 Qd3 42. Qc6 Qd6 43. Qe4 Qd7 44. Bh6 Qd3 45. Qc6 Qd5 46. Qxa6 Rd7
47. a5 Qd6 48. Qc4 Rf7 49. Rxf7 Kxf7 50. Qh4 Qd4 51. Qg3 Qe4 52. Qc3 g5 53.
Bxg5 Kg6 54. Be3 Rg8 55. Qc7 Kf6 56. Bg5+ Rxg5 57. Qd8+ Kg6 58. Qe8+ Kh6 59.
Qxe6+ Qg6 60. Qd5 e4 0-1

[Event "Gibtelecom ChallWk1 6th"]
[Site "Gibraltar"]
[Date "2008.01.22"]
[Round "1.10"]
[White "Jap Tjoen San, Linda"]
[Black "Arvola, Benjamin"]
[Result "1/2-1/2"]
[WhiteElo "2174"]
[BlackElo "2062"]
[PlyCount "97"]
[EventDate "2008.01.22"]
[EventType "swiss"]
[EventRounds "5"]
[EventCountry "GGB"]
[SourceTitle "BritBase"]
[Source "www.saund.co.uk"]
[SourceDate "2018.02.10"]
[SourceVersion "1"]
[SourceVersionDate "2018.02.10"]
[SourceQuality "1"]

1. e4 c5 2. Nf3 d6 3. c3 Nf6 4. Be2 Nc6 5. d3 e6 6. O-O Be7 7. Re1 O-O 8. Bf1
b5 9. d4 Rb8 10. h3 Qb6 11. Bf4 Rd8 12. d5 Na5 13. b3 Qb7 14. c4 e5 15. Bd2 b4
16. a3 Qc7 17. axb4 cxb4 18. Bd3 Nd7 19. Bc2 Nc5 20. Be3 Rf8 21. Nbd2 Ra8 22.
Nf1 Nab7 23. Ng3 Bd7 24. Qd2 a5 25. Rab1 Kh8 26. Nh2 g6 27. Bh6 Rg8 28. f4 Bf6
29. Nf3 Bg7 30. fxe5 dxe5 31. Bxg7+ Kxg7 32. Qg5 h6 33. Qxe5+ Qxe5 34. Nxe5
Rge8 35. Nf3 a4 36. Nd4 axb3 37. Nxb3 Ra2 38. Nd4 Ra3 39. Nf1 Nd6 40. Rxb4
Ncxe4 41. Bxe4 Rxe4 42. Rxe4 Nxe4 43. Nc2 Rc3 44. Nce3 Kf6 45. Rb7 Ke7 46. Rb2
f5 47. Rc2 Rxc2 48. Nxc2 Kd6 49. g3 1/2-1/2

[Event "Gibtelecom ChallWk1 6th"]
[Site "Gibraltar"]
[Date "2008.01.22"]
[Round "1.11"]
[White "Reppen, Sigmund"]
[Black "Vasvari, Tamas"]
[Result "1-0"]
[WhiteElo "2061"]
[BlackElo "2174"]
[PlyCount "53"]
[EventDate "2008.01.22"]
[EventType "swiss"]
[EventRounds "5"]
[EventCountry "GGB"]
[SourceTitle "BritBase"]
[Source "www.saund.co.uk"]
[SourceDate "2018.02.10"]
[SourceVersion "1"]
[SourceVersionDate "2018.02.10"]
[SourceQuality "1"]

1. e4 c5 2. Nf3 Nc6 3. d4 cxd4 4. Nxd4 Nf6 5. Nc3 d6 6. Be2 e5 7. Nb3 Be7 8.
O-O O-O 9. f4 a6 10. Bf3 b5 11. Kh1 b4 12. Nd5 a5 13. Be3 Ba6 14. Re1 Rb8 15.
fxe5 Nxd5 16. Qxd5 Nxe5 17. Qxa5 Qc8 18. Qd5 Qxc2 19. Nd4 Qxb2 20. Nf5 Bf6 21.
Bd4 Qa3 22. Re3 Bb7 23. Qxd6 Qa5 24. a3 bxa3 25. Rexa3 Nc4 26. Nh6+ Kh8 27.
Qxf6 1-0

[Event "Gibtelecom ChallWk1 6th"]
[Site "Gibraltar"]
[Date "2008.01.22"]
[Round "1.12"]
[White "Vea, Odin Blikra"]
[Black "Wynarczyk, Raymond"]
[Result "1-0"]
[WhiteElo "2168"]
[BlackElo "2039"]
[PlyCount "45"]
[EventDate "2008.01.22"]
[EventType "swiss"]
[EventRounds "5"]
[EventCountry "GGB"]
[SourceTitle "BritBase"]
[Source "www.saund.co.uk"]
[SourceDate "2018.02.10"]
[SourceVersion "1"]
[SourceVersionDate "2018.02.10"]
[SourceQuality "1"]

1. e4 c5 2. Nc3 d6 3. f4 g6 4. Nf3 Bg7 5. Bc4 a6 6. a4 Nc6 7. d3 Rb8 8. O-O e6
9. Qe1 Nge7 10. f5 exf5 11. Bf4 Nd4 12. Nxd4 Bxd4+ 13. Kh1 O-O 14. Qg3 Bxc3 15.
bxc3 Be6 16. Bxd6 Bxc4 17. Bxb8 Qxb8 18. Qh4 Qe5 19. Rae1 Qxc3 20. dxc4 Nc6 21.
exf5 Nd4 22. f6 Nf5 23. Rxf5 1-0

[Event "Gibtelecom ChallWk1 6th"]
[Site "Gibraltar"]
[Date "2008.01.22"]
[Round "1.13"]
[White "Lovik, Lasse Ostebo"]
[Black "Kawuma, Steven Male"]
[Result "1-0"]
[WhiteElo "2052"]
[BlackElo "2166"]
[PlyCount "111"]
[EventDate "2008.01.22"]
[EventType "swiss"]
[EventRounds "5"]
[EventCountry "GGB"]
[SourceTitle "BritBase"]
[Source "www.saund.co.uk"]
[SourceDate "2018.02.10"]
[SourceVersion "1"]
[SourceVersionDate "2018.02.10"]
[SourceQuality "1"]

1. e4 c5 2. Nf3 Nc6 3. d4 cxd4 4. Nxd4 Nf6 5. Nc3 e5 6. Ndb5 d6 7. Bg5 a6 8.
Na3 b5 9. Bxf6 gxf6 10. Nd5 f5 11. c3 Bg7 12. Bd3 Be6 13. Nxb5 axb5 14. Bxb5
Bd7 15. exf5 O-O 16. O-O Re8 17. Qg4 Kh8 18. Qh5 Rb8 19. a4 e4 20. f3 e3 21. f6
Re5 22. Qxf7 Bh6 23. Bd3 Bf5 24. Bxf5 Rxf5 25. f4 Qe8 26. Qxe8+ Rxe8 27. Nc7
Rc8 28. g4 e2 29. Rf2 Rxf4 30. Rxf4 Bxf4 31. Ne6 Be3+ 32. Kg2 Kg8 33. Re1 Kf7
34. Rxe2 Kxe6 35. g5 Ne5 36. Rxe3 Kf5 37. h4 Rc4 38. a5 Rxh4 39. a6 Ke6 40. b4
Rg4+ 41. Rg3 Rc4 42. a7 Rc8 43. Rh3 Nc6 44. Rxh7 Ra8 45. f7 Nxa7 46. f8=Q Rxf8
47. Rxa7 Rg8 48. Ra5 d5 49. Ra6+ Ke5 50. g6 Ke4 51. Rc6 Rg7 52. Kg3 Kf5 53. b5
Ke5 54. Kg4 Rb7 55. b6 Rg7 56. Kg5 1-0

[Event "Gibtelecom ChallWk1 6th"]
[Site "Gibraltar"]
[Date "2008.01.22"]
[Round "1.15"]
[White "Osuna Vega, Enrique"]
[Black "Strand, Haakon"]
[Result "1/2-1/2"]
[WhiteElo "2146"]
[BlackElo "2045"]
[PlyCount "72"]
[EventDate "2008.01.22"]
[EventType "swiss"]
[EventRounds "5"]
[EventCountry "GGB"]
[SourceTitle "BritBase"]
[Source "www.saund.co.uk"]
[SourceDate "2018.02.10"]
[SourceVersion "1"]
[SourceVersionDate "2018.02.10"]
[SourceQuality "1"]

1. d4 Nf6 2. Nf3 e6 3. Bf4 d5 4. e3 Bd6 5. Bg3 O-O 6. Nbd2 c5 7. c3 Nc6 8. Bd3
b6 9. Ne5 Qc7 10. f4 a5 11. Qe2 Nd7 12. O-O f6 13. Qh5 f5 14. Nxd7 Qxd7 15. Bh4
Ba6 16. Bxa6 Rxa6 17. Kh1 b5 18. Qe2 Rb6 19. g4 b4 20. gxf5 exf5 21. dxc5 Bxc5
22. Nb3 Be7 23. Bxe7 Qxe7 24. Qd3 Qe4+ 25. Qxe4 fxe4 26. Nc5 Rc8 27. Na4 Rb7
28. Rac1 Ne7 29. Rfd1 bxc3 30. b3 Rb5 31. Kg1 Nf5 32. Rxc3 Rxc3 33. Nxc3 Nxe3
34. Re1 Rc5 35. Nxe4 dxe4 36. Rxe3 Rc2 1/2-1/2

[Event "Gibtelecom ChallWk1 6th"]
[Site "Gibraltar"]
[Date "2008.01.22"]
[Round "1.16"]
[White "Haugstad, Espen"]
[Black "Kozlov, Oleg"]
[Result "0-1"]
[WhiteElo "2042"]
[BlackElo "2144"]
[PlyCount "69"]
[EventDate "2008.01.22"]
[EventType "swiss"]
[EventRounds "5"]
[EventCountry "GGB"]
[SourceTitle "BritBase"]
[Source "www.saund.co.uk"]
[SourceDate "2018.02.10"]
[SourceVersion "1"]
[SourceVersionDate "2018.02.10"]
[SourceQuality "1"]

1. e4 c5 2. Nf3 e6 3. d4 cxd4 4. Nxd4 a6 5. Bd3 Nc6 6. Be3 Nf6 7. Nc3 Ne5 8.
Nf3 d6 9. O-O Qc7 10. Rc1 Bd7 11. Qe2 Rc8 12. Bg5 Be7 13. Nxe5 dxe5 14. f4 Qb6+
15. Kh1 Qxb2 16. fxe5 Qxc3 17. exf6 Bxf6 18. Bxf6 gxf6 19. Rf4 h5 20. Rcf1 Rh6
21. e5 Qxe5 22. Qxe5 fxe5 23. Rxf7 b5 24. Rg7 Rc6 25. Rg8+ Ke7 26. Bg6 Rc4 27.
Bd3 Rd4 28. Re1 Kd6 29. Rg5 Ra4 30. Rexe5 Rxa2 31. h4 Ra4 32. g3 Bc6+ 33. Kg1
Ra1+ 34. Kf2 Rf6+ 35. Ke2 {illegible} 0-1

[Event "Gibtelecom ChallWk1 6th"]
[Site "Gibraltar"]
[Date "2008.01.22"]
[Round "1.17"]
[White "Ungureanu, Sandu"]
[Black "Hagen, Anders Gjerdrum"]
[Result "0-1"]
[WhiteElo "2137"]
[BlackElo "2049"]
[PlyCount "126"]
[EventDate "2008.01.22"]
[EventType "swiss"]
[EventRounds "5"]
[EventCountry "GGB"]
[SourceTitle "BritBase"]
[Source "www.saund.co.uk"]
[SourceDate "2018.02.10"]
[SourceVersion "1"]
[SourceVersionDate "2018.02.10"]
[SourceQuality "1"]

1. g3 Nf6 2. Bg2 d5 3. c4 e6 4. cxd5 exd5 5. d4 Bb4+ 6. Bd2 Bd6 7. Nc3 c6 8.
Nf3 O-O 9. O-O Re8 10. Bg5 Nbd7 11. a3 a5 12. Rb1 Qe7 13. Re1 h6 14. e4 hxg5
15. exd5 Qd8 16. dxc6 Rxe1+ 17. Qxe1 bxc6 18. Nxg5 Qb6 19. Nce4 Bf8 20. Qc3 Rb8
21. Qc4 Nd5 22. Nc3 Ba6 23. Nxd5 Bxc4 24. Nxb6 Rxb6 25. b4 Bd5 26. Bxd5 cxd5
27. Kf1 axb4 28. axb4 Rxb4 29. Rxb4 Bxb4 30. Ke2 Nf6 31. f3 Ne8 32. Nh3 Bd6 33.
Nf2 Nc7 34. Nd1 f6 35. Ne3 Kf7 36. f4 Ba3 37. f5 Bc1 38. Nc2 Ke7 39. h4 Nb5 40.
g4 Bf4 41. Kf3 Bh2 42. Kf2 Nc3 43. Nb4 Bd6 44. Nc2 Ne4+ 45. Kg2 Bg3 46. h5 Bf4
47. Kf3 Bc7 48. Ke3 Bb6 49. Nb4 Kd6 50. Nd3 Ba5 51. Ke2 Bd2 52. Nc5 Bh6 53. Ne6
Kc6 54. Ke1 Kb5 55. Kf1 Kc4 56. Ke2 Ng5 57. Kf2 Kd3 58. Kg2 Ke3 59. Kg3 Nf3 60.
Nd8 Nxd4 61. Nf7 Nf3 62. Kg2 d4 63. Nd6 Ne5 0-1

[Event "Gibtelecom ChallWk1 6th"]
[Site "Gibraltar"]
[Date "2008.01.22"]
[Round "1.18"]
[White "Pettersen, Joar Gullestad"]
[Black "Compton, Alistair"]
[Result "1/2-1/2"]
[WhiteElo "2026"]
[BlackElo "2132"]
[PlyCount "83"]
[EventDate "2008.01.22"]
[EventType "swiss"]
[EventRounds "5"]
[EventCountry "GGB"]
[SourceTitle "BritBase"]
[Source "www.saund.co.uk"]
[SourceDate "2018.02.10"]
[SourceVersion "1"]
[SourceVersionDate "2018.02.10"]
[SourceQuality "1"]

1. d4 e6 2. c4 d5 3. Nc3 c5 4. cxd5 exd5 5. Nf3 Nc6 6. g3 Nf6 7. Bg2 Be7 8. O-O
O-O 9. Bg5 cxd4 10. Nxd4 Bg4 11. Rc1 Re8 12. Nxc6 bxc6 13. Be3 Qa5 14. h3 Be6
15. Na4 Ne4 16. Kh2 Rac8 17. b3 Ba3 18. Rc2 Bf5 19. Bc1 Bd6 20. Bb2 Qd8 21. f4
Nxg3 22. Kxg3 Qg5+ 23. Kh2 Bxf4+ 24. Rxf4 Qxf4+ 25. Kh1 Bxc2 26. Qxc2 Re6 27.
Qc3 Rg6 28. Bc1 Qf2 29. Qf3 Qe1+ 30. Qf1 Qh4 31. Qf4 Qe7 32. Bf3 Re8 33. Bb2 a5
34. Bd4 Qb4 35. Kh2 Qe1 36. Nc5 Rxe2+ 37. Bxe2 Qxe2+ 38. Qf2 Qxf2+ 39. Bxf2 Rf6
40. Kg3 g5 41. Be1 Rf1 42. Bxa5 1/2-1/2

[Event "Gibtelecom ChallWk1 6th"]
[Site "Gibraltar"]
[Date "2008.01.22"]
[Round "1.19"]
[White "Kvisla, Johannes Luangtep"]
[Black "Revesz, Kinga"]
[Result "1-0"]
[WhiteElo "2130"]
[BlackElo "2026"]
[PlyCount "247"]
[EventDate "2008.01.22"]
[EventType "swiss"]
[EventRounds "5"]
[EventCountry "GGB"]
[SourceTitle "BritBase"]
[Source "www.saund.co.uk"]
[SourceDate "2018.02.10"]
[SourceVersion "1"]
[SourceVersionDate "2018.02.10"]
[SourceQuality "1"]

1. d4 Nf6 2. c4 e6 3. Nc3 Be7 4. e4 O-O 5. Bd3 d6 6. Nge2 e5 7. O-O Bg4 8. f3
Bh5 9. Be3 Bg6 10. d5 Nfd7 11. b4 f5 12. exf5 Bxf5 13. Bxf5 Rxf5 14. Qd3 Rf7
15. f4 a5 16. a3 axb4 17. axb4 Rxa1 18. Rxa1 Na6 19. Rb1 Qf8 20. g3 c6 21. c5
Nc7 22. dxc6 bxc6 23. Ra1 d5 24. Na4 Bf6 25. Rf1 Nb5 26. Nb6 e4 27. Qd2 Nxb6
28. cxb6 Qd8 29. Rc1 d4 30. Rxc6 dxe3 31. Qxd8+ Bxd8 32. Rc8 Rf8 33. Rc5 Nd6
34. Rc6 Nb7 35. Re6 Rf6 36. Rxe4 Bxb6 37. Re8+ Kf7 38. Rb8 Nd8 39. Kg2 Rc6 40.
Kf3 Ne6 41. Rb7+ Kf6 42. Rd7 Rc4 43. Rd6 Rxb4 44. Nc3 Bc5 45. Nd5+ Kf7 46. Nxb4
Bxd6 47. Nd3 Bc7 48. Kxe3 Bb6+ 49. Kf3 Nd4+ 50. Ke4 Ne2 51. Ne5+ Ke7 52. Kf3
Nd4+ 53. Kg4 Ne6 54. Nc4 Bd4 55. Nd2 Be3 56. Nc4 Bg1 57. Kh3 Bd4 58. Na5 Bc5
59. Nc6+ Kd6 60. Ne5 Bd4 61. Nf3 Bc3 62. Kg4 Ke7 63. Nh4 Bf6 64. Nf5+ Kd7 65.
Ne3 Kc6 66. Kf3 Kc5 67. Ng4 Bc3 68. Nf2 Kc4 69. Ne4 Nd4+ 70. Kg2 Kd5 71. Nxc3+
Ke6 72. Ne4 h6 73. Nc5+ Kf6 74. h4 Nf5 75. Ne4+ Ke6 76. Kf3 Nd4+ 77. Kg4 Ne2
78. Nc5+ Kf6 79. Nd3 Nc3 80. Kf3 Nd5 81. Nc5 Nc3 82. g4 Nd5 83. Nd7+ Ke6 84.
Nc5+ Kf6 85. Ne4+ Ke6 86. Ng3 Kf6 87. Nh5+ Kf7 88. f5 Ne7 89. Nf4 Nc6 90. Ke4
Kf6 91. Nd5+ Kf7 92. Ne3 Kf6 93. Nc4 Ne7 94. Nb6 Nc6 95. Nd7+ Ke7 96. Ne5 Nb4
97. Ng6+ Kf6 98. Nf4 Nc6 99. Nd5+ Kf7 100. Kf4 Nd4 101. Nc3 Nc6 102. Ne2 Kf6
103. Ke4 Nb4 104. Nf4 Nc6 105. Nd3 Ke7 106. Kd5 Nd8 107. Ne5 Kf6 108. Nd7+ Ke7
109. Nc5 Kf6 110. Kd6 Nf7+ 111. Kd5 Nd8 112. Ne4+ Kf7 113. Nd6+ Kf6 114. Ne8+
Kf7 115. Nc7 Kf6 116. Ke4 Nb7 117. Ne6 Nd6+ 118. Kf4 Ne8 119. g5+ hxg5+ 120.
hxg5+ Kf7 121. Ke5 Ke7 122. g6 Kd7 123. Nxg7 Nxg7 124. f6 1-0

[Event "Gibtelecom ChallWk1 6th"]
[Site "Gibraltar"]
[Date "2008.01.22"]
[Round "1.20"]
[White "Mancini, Giustino"]
[Black "Morris-Hill, Ray"]
[Result "0-1"]
[WhiteElo "2020"]
[BlackElo "2129"]
[PlyCount "80"]
[EventDate "2008.01.22"]
[EventType "swiss"]
[EventRounds "5"]
[EventCountry "GGB"]
[SourceTitle "BritBase"]
[Source "www.saund.co.uk"]
[SourceDate "2018.02.10"]
[SourceVersion "1"]
[SourceVersionDate "2018.02.10"]
[SourceQuality "1"]

1. c4 e5 2. Nc3 c5 3. Nf3 Nc6 4. g3 g6 5. Bg2 Bg7 6. O-O Nge7 7. d3 O-O 8. Rb1
d6 9. a3 a5 10. Bd2 Rb8 11. Nb5 b6 12. Qc1 Bb7 13. e4 Qd7 14. Nc3 Nd4 15. Nxd4
cxd4 16. Nd5 Nxd5 17. exd5 f5 18. Bh3 Qe7 19. Bg5 Bf6 20. Bh6 Rfe8 21. Re1 Bc8
22. b4 axb4 23. Rxb4 Qc7 24. Qb1 Bd8 25. Bg2 Ra8 26. Qb2 Qf7 27. f4 Ra7 28.
fxe5 dxe5 29. d6 Qf6 30. Qxd4 g5 31. Bd5+ Kh8 32. Bxg5 Qxg5 33. Rxe5 Rxe5 34.
Qxe5+ Qf6 35. Qe8+ Kg7 36. Qg8+ Kh6 37. c5 Rg7 38. Qe8 f4 39. c6 fxg3 40. Qe3+
Rg5 {no more moves recorded} 0-1

[Event "Gibtelecom ChallWk1 6th"]
[Site "Gibraltar"]
[Date "2008.01.22"]
[Round "1.22"]
[White "Husin, Axel"]
[Black "Hamer, Martyn"]
[Result "1/2-1/2"]
[WhiteElo "2012"]
[BlackElo "1962"]
[PlyCount "69"]
[EventDate "2008.01.22"]
[EventType "swiss"]
[EventRounds "5"]
[EventCountry "GGB"]
[SourceTitle "BritBase"]
[Source "www.saund.co.uk"]
[SourceDate "2018.02.10"]
[SourceVersion "1"]
[SourceVersionDate "2018.02.10"]
[SourceQuality "1"]

1. e4 c5 2. d4 cxd4 3. Nf3 Nc6 4. Nxd4 e5 5. Nb5 d6 6. N1c3 a6 7. Na3 b5 8. Nd5
Nge7 9. c3 Be6 10. Be3 Rb8 11. Nc2 f5 12. Nxe7 Bxe7 13. exf5 Bxf5 14. Qd2 Be6
15. Be2 O-O 16. O-O Kh8 17. f4 Qc7 18. Nb4 Nxb4 19. cxb4 Rbc8 20. Rac1 Qb8 21.
a3 Rxc1 22. Rxc1 Rc8 23. fxe5 Rxc1+ 24. Qxc1 dxe5 25. Qc6 Qc8 26. Qxc8+ Bxc8
27. Bd2 Bb7 28. Kf2 Kg8 29. Bc3 Bf6 30. g3 Kf7 31. Bf3 Bxf3 32. Kxf3 Ke6 33.
Ke4 h5 34. h3 g6 35. b3 1/2-1/2

[Event "Gibtelecom ChallWk1 6th"]
[Site "Gibraltar"]
[Date "2008.01.22"]
[Round "1.23"]
[White "Joseph, Adrian P"]
[Black "Thollin, Robert"]
[Result "0-1"]
[WhiteElo "1958"]
[BlackElo "2011"]
[PlyCount "63"]
[EventDate "2008.01.22"]
[EventType "swiss"]
[EventRounds "5"]
[EventCountry "GGB"]
[SourceTitle "BritBase"]
[Source "www.saund.co.uk"]
[SourceDate "2018.02.10"]
[SourceVersion "1"]
[SourceVersionDate "2018.02.10"]
[SourceQuality "1"]

1. b3 e5 2. Bb2 Nc6 3. e3 g6 4. Bb5 Nge7 5. f4 Bg7 6. Ne2 O-O 7. O-O d6 8. Ng3
f5 9. Na3 a6 10. Be2 Kh8 11. Nh1 d5 12. Nf2 Qd6 13. Nh3 b5 14. Qe1 exf4 15.
Bxg7+ Kxg7 16. Nb1 fxe3 17. dxe3 Qe5 18. Qd2 h6 19. Nc3 Bb7 20. Nf4 Rad8 21.
Nd3 Qd6 22. Bf3 Ne5 23. Ne2 Nxf3+ 24. gxf3 Kh7 25. Nef4 c5 26. c3 g5 27. Nh5
Qg6 28. Ng3 h5 29. a4 h4 30. Nh1 Nc6 31. axb5 axb5 32. f4 0-1